00843 a2200205 45000010006000000050017000060080041000230030015000640400040000790800032001192450119001510200018002702640055002883000019003435050197003620410008005591000027005677000020005947000023006145335620260407155808.0260407a2003 arg spa dAR-UNSa-BCEJYS aAR-UNSa-BCEJYSbspacAR-UNSa-BCEJYS a94:33xHistoria económica10aTensando el anclapLa caja de conversión argentina y la búsqueda de la estabilidad macroeconómica, 1880-1935 a950-557-565-3 1aBuenos Aires :bFondo de Cultura Económicac2003 a320 p.c23 cm. a1. El contexto histórico y metodológico - 2. La crisis de Baring y sus orígenes - 3. Los cimientos de la Belle époque - 4. Las dificultades del período de entreguerras - 5. Epílogo aspa1 aDella Paolera, Gerardo1 aTaylor, Alan M.1 aBozzoli, Guillermo